000 00956cam a2200289 i 4500
999 _c128364
_d128364
001 3216484
003 ARRUPE
005 20181012093232.0
008 790201s1978 enk b 000 0 eng
010 _a 78323716
015 _aGB78-23893
020 _a0713911247 :
_c£6.50
040 _aDLC
_cDLC
_dDLC
041 1 _aengfre
043 _aa-cb---
050 0 0 _aDS554.8
_b.P6613 1978b
082 0 0 _a959.6/04
100 1 _aPonchaud, François,
_cFather,
_d1939-
_942865
245 1 0 _aCambodia year zero /
_c[by] François Ponchaud ; translated from the French by Nancy Amphoux.
260 _aMiddlesex :
_bPenguin Books,
_c1978.
300 _a231 p. ;
_c23 cm.
500 _aTranslation of Cambodge année zéro.
504 _aIncludes bibliographical references.
651 0 _aCambodia
_xHistory
_y1975-1979.
_942866
906 _a7
_bcbc
_corignew
_d3
_encip
_f19
_gy-gencatlg
942 _2lcc
_cMONOGRAPH